|
|
|
|
| LEADER |
00000nam0a2200000 4500 |
| 001 |
305888 |
| 005 |
20231102001838.0 |
| 035 |
|
|
|a (RuTPU)RU\TPU\book\331163
|
| 090 |
|
|
|a 305888
|
| 100 |
|
|
|a 20151001d1983 km y0rusy50 ca
|
| 101 |
0 |
|
|a rus
|
| 102 |
|
|
|a RU
|
| 105 |
|
|
|a a z 101zy
|
| 200 |
1 |
|
|a Научная организация труда и управления в научно-исследовательских и проектных учреждениях
|e материалы семинара
|f Общество "Знание" РСФСР ; Московский Дом научно-технической пропаганды ; отв ред. Е. И. Киссель
|
| 210 |
|
|
|a Москва
|c Знание
|d 1983
|
| 215 |
|
|
|a 160 с.
|c ил.
|
| 320 |
|
|
|a Библиогр. в конце ст.
|
| 606 |
1 |
|
|a Научно-исследовательская работа
|x Организация труда научного работника
|2 stltpush
|3 (RuTPU)RU\TPU\subj\45142
|9 64404
|
| 610 |
1 |
|
|a НОТ
|
| 610 |
1 |
|
|a труд
|
| 610 |
1 |
|
|a управление
|
| 610 |
1 |
|
|a технические объекты
|
| 610 |
1 |
|
|a экономия ресурсов
|
| 610 |
1 |
|
|a нормирование труда
|
| 610 |
1 |
|
|a финансирование
|
| 610 |
1 |
|
|a научные кадры
|
| 610 |
1 |
|
|a семинары
|
| 686 |
|
|
|a Ч215.2л0
|v LBC/SL-A
|2 rubbk
|
| 702 |
|
1 |
|a Киссель
|b Е. И.
|4 340
|
| 712 |
0 |
2 |
|a Общество "Знание" РСФСР
|c (Москва)
|2 stltpush
|3 (RuTPU)RU\TPU\col\7484
|
| 712 |
0 |
2 |
|a Московский Дом научно-технической пропаганды
|2 stltpush
|3 (RuTPU)RU\TPU\col\7885
|9 24405
|
| 712 |
1 |
2 |
|a Научная организация труда и управления в научно-исследовательских и проектных учреждениях
|b семинар
|e Москва
|f 1983
|4 570
|
| 801 |
|
1 |
|a RU
|b 63413507
|c 20151001
|
| 801 |
|
2 |
|a RU
|b 63413507
|c 20190524
|g RCR
|
| 942 |
|
|
|c BK
|